000 01346cam a22003011i 4500
003 SA-RiAUC
005 20241111085000.0
008 241107s1987 ku g 000 0dara c
040 _aSA-AhKFU
_bara
_cSA-RiAUC
_erda
050 4 _bS36. 1987
082 0 4 _a251
090 _a251
_bص ل ا
100 1 _aصلاح الدين العلائي، خليل بن كيكلدي بن عبد الله،
_d694-761 هجري
_eمؤلف.
245 1 0 _aإجمال الإصابة في أقوال الصحابة :
_bبحث أصولي /
_cللحافظ العلائي خليل بن كيكلدي صلاح الدين العلائي الشافعي ؛ حقق وعلق عليه محمد سليمان الأشقر.
250 _aالطبعة الأولى.
264 1 _aالصفاة، الكويت :
_bمركز المخطوطات والتراث،
_c1987
300 _a104 صفحة ؛
_c26 سم.
336 _aنص
_btxt
_2rdacontent
_3كتاب
337 _aبدون وسيط
_bn
_2rdamedia
338 _aمجلد
_bnc
_2rdacarrier
490 0 _aتحقيق التراث ؛
_v3
650 7 _aأصول الفقه الإسلامي
_2aucsh
650 7 _aالصحابة والتابعون
_2aucsh
700 1 _aالأشقر، محمد،
_d1930-2009
_eمحقق.
942 _2ddc
_cBOOK
_n0
949 _aSA-JeALM
_d241107
_umohamedma123
_n1
999 _c2277
_d2277